Reforma Trabalhista e os seus Impactos (De Acordo com a Instruȯ̂ Normativa n. 41 do TST) /

Bibliographic Details
Main Author: de Figueiredo Corrå da Veiga, Mauricio
Format: eBook
Language:Portuguese
Published: San Pablo: LTR, 2018
Subjects:
Online Access:Acceso restringido

MARC

LEADER 00000nam a22000007a 4500
005 20190730234029.0
007 cr|||| ||||
008 190730s2018 br |||||s|||| 00||0 por d
020 |a 978-85-361-9889-7 
035 |a 23766 
040 |a vLex 
090 |c 9085  |d 9085 
100 1 |a de Figueiredo Corrå da Veiga, Mauricio 
245 1 0 |a Reforma Trabalhista e os seus Impactos  |h [Recurso electrn̤ico] :  |b (De Acordo com a Instruȯ̂ Normativa n. 41 do TST) /  |c Mauricio de Figueiredo Corrå da Veiga 
256 |a Servicio en ln̕ea 
260 |a San Pablo:  |b LTR,  |c 2018 
300 |a 1 recurso electrn̤ico 
500 |a A reforma trabalhista provocou grandes mudanȧs nas relaė̳s de trabalho e trouxe novas perspectivas no tocante ̉negociaȯ̂ coletiva, teletrabalho, tempo ̉disposiȯ̂ do empregador, terceirizaȯ̂. O trabalho intermitente, a jornada 12 X 36, a configuraȯ̂ de grupo econm̥ico e a responsabilidade do sc̤io retirante passam a ganhar novos contornos e disciplinas com critřios mais objetivos aos j ̀existentes. A Instruȯ̂ Normativa n. 41/TST se preocupou em definir o marco inicial para a aplicaȯ̂ da nova lei, com vistas ̉preservaȯ̂ do direito adquirido, ao ato jurd̕ico processual perfeito e ̉coisa julgada. No presente livro tambm̌ sô analisadas e comentadas as primeiras manifestaė̳s do STF em relaȯ̂ ̉reforma trabalhista. Por fim, at ̌mesmo a relaȯ̂ existente entre o atleta profissional e o clube empregador poder ̀sofrer influn̊cia da reforma trabalhista, tendo em vista a existn̊cia do empregado hiperssuficiente. 
506 1 |a Disponible solo en los productos indicados  |d vLex Global  |d vLex Global (Academic Edition, excluding Law Schools)  |d vLex Global (U.S. Academic Edition, Law Schools)  |d vLex Global (U.S. Academic Edition, excluding Law Schools)  |d vLex Global (Academic Edition, Law Schools) 
650 0 4 |a Derecho Laboral y Seguridad Social  |z Brasil 
650 0 4 |a Relaciones Laborales Especiales  |z Brasil 
740 0 |a vLex Libros (Servicio en ln̕ea) 
856 4 0 |u http://vlex.com/source/reforma-trabalhista-e-os-seus-impactos-de-acordo-com-a-instru-o-normativa-n-41-do-tst--23766  |z Acceso restringido 
942 |c BOOK 
999 0 |a Labor Law and Social Security 
999 0 |a Special Labor Relations